000
00270nam a22001217a 4500
008
181207b xxu||||| |||| 00| 0 eng d
041
_a
eng
080
_a
101
100
_a
23
101
_a
FIL
245
_a
The Philosophers Of Greece
_c
Robert.S.B
942
_2
udc
_c
BK
999
_c
53053
_d
53053